| 000 | 01155nam a2200289 i 4500 | ||
|---|---|---|---|
| 001 | bg | ||
| 100 | 1 | _aKOSAKOWSKI, Wiesław | |
| 245 | 1 | 0 |
_aSystem przyrodniczy Ziemi : _bpodręcznik dla liceum ogółnokształcącego, liceum profilowanego i technikum : zakres podstawowy. / _cWiesław Kosakowski, Wiesława Kowalik, Elżbieta Zastrożna _n1]. |
| 250 | _aWyd. 3. | ||
| 260 |
_aToruń : _bStowarzyszenie Oświatowców Polskich. Oddział, _ccop. 2004. |
||
| 300 |
_a192 s., [2] k. tabl. złoż. : _bil. kolor., fot., mapy, rys., wykr. ; _c24 cm. |
||
| 500 | _aU góry s. tyt. i okł. nazwa przedmiotu: Geografia. | ||
| 504 | _aBibliogr. s. 192. | ||
| 650 | 9 | _aGeografia | |
| 655 | _aPodręczniki dla szkół ponadgimnazjalnych | ||
| 700 | 1 | _aKOWALIK, Wiesława | |
| 700 | 1 | _aZASTROŻNA, Elżbieta | |
| 015 | _aPB 7832/2005 | ||
| 020 | _a8373520945 | ||
| 040 | _cBPK | ||
| 041 | 0 | _apol | |
| 080 | _a91(075.3.053.7) | ||
| 920 | _a83-7352-094-5 | ||
| 942 | _cKS | ||
| 008 | s pl f |000 0 pol | ||
| 999 |
_c46769 _d46769 |
||
| 856 |
_uhttp://koha.tu.koszalin.pl/cgi-bin/koha/opac-detail.pl?biblionumber=46769 _yKatalog online BPK |
||